00725nam a2200217Ia 4500003000900000008004100009020001800050040001600068080002000084100001900104245015400123260004000277300001500317490005800332650001700390650001600407650001600423650001500439650003100454700002200485IN-BaIIA211028s9999 xx 000 0 eng d a1-85233-100-3 cIIA Library a524.31.082bREI aReid, I. Neill 0aNew light on dark starsbred dwarfs, low-mass stars, brown dwarfscReid, I. Neill and Suzanne L. Hawley  aChichesterbPraxis Publishingc2000 axxv, 470p. aSpringer - Praxis books in astrophysics and astronomy aBrown dwarfs aDark matter aDwarf stars aRed dwarfs aStars- luminosity function aHawley, Suzanne L